How many global deaths from arms? Reasons to question the 740,000 factoid being used to promote the Arms Trade Treaty

Guardado en:  
Detalles Bibliográficos
Autores principales: Kopel, David B. (Autor) ; Eisen, Joanne D. (Autor) ; Gallant, Paul (Autor)
Tipo de documento: Print Artículo
Lenguaje:Inglés
Publicado: 2010
En:Enthalten in: New York University Journal of Law and Liberty 5 (2010), 3, Seite 672-715
Verificar disponibilidad: HBZ Gateway

MARC

LEADER 00000caa a22000002c 4500
001 1912577585
003 DE-627
005 20250122055005.0
007 tu
008 241217s2010 xx ||||| 00| ||eng c
035 |a (DE-627)1912577585 
035 |a (DE-599)KXP1912577585 
040 |a DE-627  |b ger  |c DE-627  |e rda 
041 |a eng 
084 |a 2,1  |2 ssgn 
100 1 |a Kopel, David B.  |e VerfasserIn  |4 aut 
245 1 0 |a How many global deaths from arms? Reasons to question the 740,000 factoid being used to promote the Arms Trade Treaty 
264 1 |c 2010 
336 |a Text  |b txt  |2 rdacontent 
337 |a ohne Hilfsmittel zu benutzen  |b n  |2 rdamedia 
338 |a Band  |b nc  |2 rdacarrier 
500 |a 1930-5044 
700 1 |a Eisen, Joanne D.  |e VerfasserIn  |4 aut 
700 1 |a Gallant, Paul  |e VerfasserIn  |4 aut 
773 0 8 |i Enthalten in  |t New York University Journal of Law and Liberty  |g 5 (2010), 3, Seite 672-715 
773 1 8 |g volume:5  |g year:2010  |g number:3  |g pages:672-715 
787 0 8 |i Forschungsdaten  |a United Nations Office at Vienna. Crime Prevention and Criminal Justice Branch  |t United Nations Surveys of Crime Trends and Operations of Criminal Justice Systems Series, Waves 1-10, 1970-2006  |d [Erscheinungsort nicht ermittelbar] : [Verlag nicht ermittelbar], 2010  |w (DE-627)184005347X 
935 |a mkri 
951 |a AR 
ELC |b 1 
LOK |0 000 xxxxxcx a22 zn 4500 
LOK |0 001 4637543088 
LOK |0 003 DE-627 
LOK |0 004 1912577585 
LOK |0 005 20241217044539 
LOK |0 008 241217||||||||||||||||ger||||||| 
LOK |0 035   |a (DE-2619)ICPSR128043 
LOK |0 040   |a DE-2619  |c DE-627  |d DE-2619 
LOK |0 092   |o n 
LOK |0 852   |a DE-2619 
LOK |0 852 1  |9 00 
LOK |0 935   |a uvkn  |a nacp 
LOK |0 939   |a 17-12-24  |b l01 
ORI |a SA-MARC-krimdoka001.raw